00383nam a22001097a 4500008004100000020001800041082001100059100007400070245006200144260004700206300002000253230711b |||||||| |||| 00| 0 eng d a9789998094703 a300.72 aPhanchung S Chitra, Tshering Choden, Tshering Om Tamang, Pema Choezom aReaching new heights through policy research and practice bInstitute for GNH Studies,cNovember, 2020 a110 p.c24.5 cm